| 000 | 01294nam a2200181Ia 4500 | ||
|---|---|---|---|
| 008 | 151202s9999||||xx |||||||||||||| ||und|| | ||
| 082 | _bPNVM-121811 | ||
| 100 | _aपंडितराव मांगलेकर दत्तात्रेयवासुदेव वैद्य. | ||
| 245 | _aदासबोधातील नवविधा भक्ति 1978 ते 1983 वासुदेवनिवासत्रैमासिकातील लेखमाला. | ||
| 260 | _b"वासुदेव निवास प्रकाशन, पुणे." | ||
| 260 | _c1985 | ||
| 300 | _a225 | ||
| 600 | _aपंडितराव मांगलेकर दत्तात्रेयवासुदेव वैद्य. | ||
| 630 | _aदासबोधातील नवविधा भक्ति 1978 ते 1983 वासुदेवनिवासत्रैमासिकातील लेखमाला. | ||
| 700 | _aपंडितराव मांगलेकर दत्तात्रेयवासुदेव वैद्य. | ||
| 730 | _aदासबोधातील नवविधा भक्ति 1978 ते 1983 वासुदेवनिवासत्रैमासिकातील लेखमाला. | ||
| 942 | _cBOOK | ||
| 999 |
_c1351940 _d1351937 |
||